00516nam a2200157Ia 4500008004100000100002100041245003500062245002100097260001400118260000900132650002500141650003600166856006400202999001900266952007300285160216s9999 xx 000 0 und d aVan Wijk, A.J.M. aWelcome to the Green Village / cA.J.M. Van Wijk. bIOS Press c2013 xSustainable Housing. xUrban policy and urban studies. uhttp://ebooks.iospress.nl/book/welcome-to-the-green-village c290635d290635 001040aCLbCLd2016-02-16l0r2016-02-16 00:00:00w2016-02-16yCBE